00628nam a2200205Ia 4500003000900000008004100009020001800050040001600068080002000084100001300104245008900117260003400206300001300240650004100253650004100294650004100335700001400376700001500390700001700405IN-BaIIA211028s9999 xx 000 0 eng d a3-540-10479-8 cIIA Library a048.1:52b80-27 aBohme, S 0aAstronomy and Astrophysicsbvol. 27, pt. 1, literature 1979cS. Bohme.., [et al.]  aBerlinbSpringer-Verlagc1980 ax, 939p. aAbstracts-Astronomy and Astrophysics aAstronomy and Astrophysics Abstracts aAstronomy and Astrophysics Thesaurus aEsser, U. aFricke, W. aHeinrich, I.